JetPunk Languages - Statistics

General Stats
  • This quiz has been taken 452 times
    273 since last reset
  • The average score is 19 of 25
Answer Stats
English Translation Language % Correct
English English
98%
Spanish Español
98%
French Français
96%
Chinese 简体中文
94%
German Deutsch
93%
Italian Italiano
93%
Portuguese Português
93%
Japanese 日本語
91%
Russian Русский
91%
Arabic اَلْعَرَبِيَّةُ
84%
Dutch Nederlands
81%
Polish Polski
81%
Finnish Suomi
76%
Swedish Svenska
75%
Greek Eλληνικά
74%
Danish Dansk
68%
Norwegian Norsk
68%
Turkish Türkçe
68%
Serbian Српски
63%
Hungarian Magyar
60%
Czech Čeština
58%
Croatian Hrvatski
56%
Bulgarian Български
50%
Estonian Eesti
37%
Venetian Vèneto
6%
No matching quizzes found
Score Distribution
Percent of People with Each Score
Percentile by Number Answered
Your Score History
You have not taken this quiz since the last reset